000 00517nam a2200193Ia 4500
005 20260429112132.0
008 260429s9999||||xx |||||||||||||| ||und||
020 _a9781041051169
041 _aEnglish
082 _a338.4794
_bHIG
100 _aHigham, James
245 0 _aSport tourism destinations :
_bissues, opportunities and analysis /
_cJames Higham
250 _a1st ed.
260 _aLondon :
_bRoutledge,
_c2025.
300 _axv, 300 p.; pbk
650 _a Sport
650 _aTourism
942 _cTB
999 _c52534
_d52534